| 000 -LEADER |
| fixed length control field |
04208cam a22005054a 4500 |
| 001 - CONTROL NUMBER |
| control field |
15461063 |
| 003 - CONTROL NUMBER IDENTIFIER |
| control field |
OSt |
| 005 - DATE AND TIME OF LATEST TRANSACTION |
| control field |
20170120104840.0 |
| 008 - FIXED-LENGTH DATA ELEMENTS--GENERAL INFORMATION |
| fixed length control field |
080922s2009 njuaf b 101 0 eng |
| 010 ## - LIBRARY OF CONGRESS CONTROL NUMBER |
| LC control number |
2008041827 |
| 015 ## - NATIONAL BIBLIOGRAPHY NUMBER |
| National bibliography number |
GBA885511 |
| Source |
bnb |
| 015 ## - NATIONAL BIBLIOGRAPHY NUMBER |
| National bibliography number |
GBA885511 |
| Source |
dnb |
| 016 7# - NATIONAL BIBLIOGRAPHIC AGENCY CONTROL NUMBER |
| Record control number |
101484899 |
| Source |
DNLM |
| 016 7# - NATIONAL BIBLIOGRAPHIC AGENCY CONTROL NUMBER |
| Record control number |
014662122 |
| Source |
Uk |
| 020 ## - INTERNATIONAL STANDARD BOOK NUMBER |
| International Standard Book Number |
9780470193402 (cloth) |
| 020 ## - INTERNATIONAL STANDARD BOOK NUMBER |
| International Standard Book Number |
0470193409 (cloth) |
| 035 ## - SYSTEM CONTROL NUMBER |
| System control number |
(OCoLC)ocn256770428 |
| 040 ## - CATALOGING SOURCE |
| Original cataloging agency |
DNLM/DLC |
| Transcribing agency |
DLC |
| Modifying agency |
NLM |
| -- |
C#P |
| -- |
UKM |
| -- |
YDXCP |
| -- |
BAKER |
| -- |
BTCTA |
| -- |
DEBBG |
| -- |
DLC |
| 042 ## - AUTHENTICATION CODE |
| Authentication code |
pcc |
| 050 00 - LIBRARY OF CONGRESS CALL NUMBER |
| Classification number |
R857.M3 |
| Item number |
I525 2006 |
| 060 00 - NATIONAL LIBRARY OF MEDICINE CALL NUMBER |
| Classification number |
2009 K-780 |
| 060 10 - NATIONAL LIBRARY OF MEDICINE CALL NUMBER |
| Classification number |
QT 37 |
| Item number |
I614a 2009 |
| 082 00 - DEWEY DECIMAL CLASSIFICATION NUMBER |
| Classification number |
610.28 |
| Edition number |
22 |
| 084 ## - OTHER CLASSIFICATION NUMBER |
| Classification number |
YI 3205 |
| Number source |
rvk |
| 111 2# - MAIN ENTRY--MEETING NAME |
| Meeting name or jurisdiction name as entry element |
International Conference on Design of Biomaterials |
| Date of meeting |
(2006 : |
| Location of meeting |
Indian Institute of Technology Kanpur) |
| 245 10 - TITLE STATEMENT |
| Title |
Advanced Biomaterials : |
| Remainder of title |
Fundamentals, Processing, and Applications / |
| Statement of responsibility, etc. |
edited by Bikramjit Basu, Dhirendra Katti, and Ashok Kumar. |
| 260 ## - PUBLICATION, DISTRIBUTION, ETC. |
| Place of publication, distribution, etc. |
Hoboken, N.J. : |
| Name of publisher, distributor, etc. |
John Wiley & Sons ; |
| Place of publication, distribution, etc. |
[Westerville, Ohio] : |
| Name of publisher, distributor, etc. |
The American Ceramic Society, |
| Date of publication, distribution, etc. |
c2009. |
| 300 ## - PHYSICAL DESCRIPTION |
| Extent |
xxii, 746 p., [8] p. of plates : |
| Other physical details |
ill. (some col.) ; |
| Dimensions |
25 cm. |
| 500 ## - GENERAL NOTE |
| General note |
This volume is an outcome of the International Conference on Design of Biomaterials, organised at Indian Institute of Technology Kanpur, India during 8-11th December, 2006. |
| 504 ## - BIBLIOGRAPHY, ETC. NOTE |
| Bibliography, etc. note |
Includes bibliographical references and index. |
| 505 0# - FORMATTED CONTENTS NOTE |
| Formatted contents note |
Fundamentals of biomaterials and biocompatibility / Bikramjit Basu and Shekhar Nath -- Fundamentals of hydroxyapatite and related calcium phosphates / Racquel Zapanta LeGeros ... [et al.] -- Materials for orthopedic applications / Shekhar Nath and Bikramjit Basu -- The micro macroporous biphasic calcium phosphate concept for bone reconstruction and tissue engineering / Guy Daculsi, Franck Jegoux, and Pierre Layrolle -- Science and technology integrated titanium dental implant systems / Yoshiki Oshida and Elif Bahar Tuna -- Injectable hydrogels as biomaterials / Lakshmi S. Nair, Cato T. Laurencin, and Mayank Tandon -- Nanomaterials for improved orthopedic and bone tissue engineering applications / Lijie Zhang ... [et al.] -- Introduction to processing of biomaterials / Dhirendra S. Katti ... [et al.] -- Laser processing of orthopedic biomaterials / Rajarshi Banerjee and Soumya Nag -- Functionally graded all ceramic hip joint / Omer Van der Biest ... [et al.] -- Medical devices based on bioinspired ceramics / Pío González ... [et al.] -- Ionomer glasses : design and characterization / Artemis Stamboulis and Fei Wang -- |
| 505 0# - FORMATTED CONTENTS NOTE |
| Formatted contents note |
Designing nanofibrous scaffolds for tissue engineering / Neha Arya, Poonam Sharma, and Dhirendra S. Katti -- Design of supermacroporous biomaterials via gelation at subzero temperatures-cryogelation / Fatima M. Plieva ... [et al.] -- Biomaterial applications / Ashok Kumar, Akshay Srivastava, and Era Jain -- Cell-based nanocomposites and biomolecules for bone tissue engineering / Michelle Ngiam ... [et al.] -- Orthopedic interface tissue engineering : building the bridge to integrated musculoskeletal tissue systems / Helen H. Lu, Kristen L. Moffat, and Jeffrey P. Spalazzi -- Cells of the nervous system and electrical stimulation / Carlos Atico Ariza and Surya K. Mallapragada -- Placental umbilical cord blood : a true blood substitute / Niranjan Bhattacharya -- Supported cell mimetic monolayers and their blood compatibility / K. Kaladhar and Chandra P. Sharma -- Titanium nitride and diamond like carbon coatings for cardiovascular applications / C.V. Muraleedharan and G.S. Bhuvaneshwar. |
| 650 #0 - SUBJECT ADDED ENTRY--TOPICAL TERM |
| Topical term or geographic name entry element |
Biomedical materials |
| Form subdivision |
Congresses. |
| 650 #0 - SUBJECT ADDED ENTRY--TOPICAL TERM |
| Topical term or geographic name entry element |
Biomimetic materials |
| Form subdivision |
Congresses. |
| 650 12 - SUBJECT ADDED ENTRY--TOPICAL TERM |
| Topical term or geographic name entry element |
Biocompatible Materials |
| General subdivision |
therapeutic use |
| Form subdivision |
Congresses. |
| 650 22 - SUBJECT ADDED ENTRY--TOPICAL TERM |
| Topical term or geographic name entry element |
Blood Substitutes |
| General subdivision |
therapeutic use |
| Form subdivision |
Congresses. |
| 650 22 - SUBJECT ADDED ENTRY--TOPICAL TERM |
| Topical term or geographic name entry element |
Nanostructures |
| General subdivision |
therapeutic use |
| Form subdivision |
Congresses. |
| 650 22 - SUBJECT ADDED ENTRY--TOPICAL TERM |
| Topical term or geographic name entry element |
Tissue Engineering |
| Form subdivision |
Congresses. |
| 700 1# - ADDED ENTRY--PERSONAL NAME |
| Personal name |
Basu, Bikramjit. |
| 700 1# - ADDED ENTRY--PERSONAL NAME |
| Personal name |
Katti, Dhirendra. |
| 700 1# - ADDED ENTRY--PERSONAL NAME |
| Personal name |
Kumar, Ashok, |
| Dates associated with a name |
1963- |
| 906 ## - LOCAL DATA ELEMENT F, LDF (RLIN) |
| a |
7 |
| b |
cbc |
| c |
orignew |
| d |
1 |
| e |
ecip |
| f |
20 |
| g |
y-gencatlg |
| 942 ## - ADDED ENTRY ELEMENTS (KOHA) |
| Source of classification or shelving scheme |
|
| Koha item type |
Book |